[Event "4th EUR-ch"]
[Site "Istanbul TUR"]
[Date "2003.06.01"]
[Round "3.19"]
[White "Nielsen, Peter Heine"]
[Black "Hulak, Krunoslav"]
[Result "1/2-1/2"]
[WhiteElo "2625"]
[BlackElo "2563"]
[EventDate "2003.05.30"]
[PlyCount "55"]

1.d4 Nf6 2.c4 e6 3.Nf3 Bb4+ 4.Nbd2 b6 5.a3 Bxd2+ 6.Qxd2 Bb7 7.e3 d6 8.Be2 
Nbd7 9.b4 a5 10.Bb2 axb4 11.axb4 Rxa1+ 12.Bxa1 O-O 13.O-O Qe7 14.Qc2 Ra8 
15.Nd2 c5 16.dxc5 dxc5 17.b5 Nf8 18.Rd1 Ng6 19.Bb2 Qc7 20.f3 Rd8 21.Ra1 
Rd7 22.Bc3 Qd8 23.Nf1 Ne8 24.Rd1 Rxd1 25.Bxd1 Kf8 26.Be2 Qg5 27.Kf2 Nd6 
28.Ng3 1/2-1/2

[Event "4th EUR-ch"]
[Site "Istanbul TUR"]
[Date "2003.06.01"]
[Round "3.21"]
[White "Smirnov, Pavel"]
[Black "Nijboer, Friso"]
[Result "1/2-1/2"]
[WhiteElo "2615"]
[BlackElo "2562"]
[EventDate "2003.05.30"]
[PlyCount "71"]

1.e4 c5 2.Nf3 Nc6 3.d4 cxd4 4.Nxd4 Nf6 5.Nc3 e5 6.Ndb5 d6 7.Bg5 a6 8.Na3 
b5 9.Bxf6 gxf6 10.Nd5 f5 11.Bd3 Be6 12.O-O Bxd5 13.exd5 Ne7 14.Qh5 e4 15.
Be2 Bg7 16.c3 O-O 17.Nc2 f4 18.Qg5 f5 19.Rfd1 f3 20.gxf3 Kh8 21.Kh1 Be5 
22.f4 Rg8 23.Qh4 Bg7 24.Bh5 Qf8 25.Ne3 Bf6 26.Qh3 Qh6 27.Nxf5 Nxf5 28.Qxf5
Raf8 29.Rg1 Rxg1+ 30.Rxg1 Bxc3 31.Qxe4 Bxb2 32.Rg5 Qf6 33.Rg4 Bc1 34.Qe6 
Bb2 35.f5 a5 36.Qxf6+ 1/2-1/2

[Event "4th EUR-ch"]
[Site "Istanbul TUR"]
[Date "2003.06.01"]
[Round "3.23"]
[White "Mchedlishvili, Mikheil"]
[Black "Krasenkow, Michal"]
[Result "1/2-1/2"]
[WhiteElo "2560"]
[BlackElo "2609"]
[EventDate "2003.05.30"]
[PlyCount "49"]

1.d4 Nf6 2.c4 g6 3.Nc3 d5 4.Bg5 Ne4 5.Bh4 c5 6.cxd5 Nxc3 7.bxc3 Qxd5 8.e3 
Bg7 9.Nf3 Nc6 10.Be2 cxd4 11.cxd4 b6 12.O-O Bb7 13.Qb3 Qxb3 14.axb3 O-O 
15.Nd2 Rfc8 16.Bg4 f5 17.Bf3 Kf8 18.Nc4 b5 19.Na5 Nxa5 20.Rxa5 Bxf3 21.
gxf3 a6 22.Rfa1 Rc3 23.Rxa6 Rxa6 24.Rxa6 Kf7 25.b4 1/2-1/2

[Event "4th EUR-ch"]
[Site "Istanbul TUR"]
[Date "2003.06.01"]
[Round "3.24"]
[White "Nataf, Igor-Alexandre"]
[Black "Baklan, Volodymyr"]
[Result "1/2-1/2"]
[WhiteElo "2559"]
[BlackElo "2607"]
[EventDate "2003.05.30"]
[PlyCount "43"]

1.e4 e6 2.d4 d5 3.Nc3 Nf6 4.e5 Nfd7 5.f4 c5 6.Nce2 Nc6 7.Nf3 cxd4 8.Nexd4 
Nxd4 9.Nxd4 Qb6 10.c3 Bc5 11.a4 a5 12.Bb5 O-O 13.O-O f6 14.exf6 Bxd4+ 15.
Qxd4 Qxd4+ 16.cxd4 Nxf6 17.Re1 Ne4 18.Bd3 Bd7 19.Bxe4 dxe4 20.Rxe4 Rac8 
21.Re2 Rc4 22.Bd2 1/2-1/2

[Event "4th EUR-ch"]
[Site "Istanbul TUR"]
[Date "2003.06.01"]
[Round "3.26"]
[White "Goloshchapov, Alexander"]
[Black "Aronian, Levon"]
[Result "1/2-1/2"]
[WhiteElo "2558"]
[BlackElo "2606"]
[EventDate "2003.05.30"]
[PlyCount "51"]

1.e4 e5 2.Nf3 Nc6 3.Bb5 Nf6 4.O-O Nxe4 5.d4 Nd6 6.Bxc6 dxc6 7.dxe5 Nf5 8.
Qxd8+ Kxd8 9.Nc3 Ne7 10.Rd1+ Ke8 11.h3 Ng6 12.b3 Bd7 13.Bb2 Rd8 14.Rd2 Nf4
15.Rad1 Be7 16.Ne2 Nxe2+ 17.Rxe2 c5 18.c4 h5 19.Bc1 Bc6 20.Rxd8+ Kxd8 21.
Ng5 Bxg5 22.Bxg5+ Kd7 23.Rd2+ Ke6 24.Bd8 Kxe5 25.f3 Ke6 26.h4 1/2-1/2

[Event "4th EUR-ch"]
[Site "Istanbul TUR"]
[Date "2003.06.01"]
[Round "3.28"]
[White "Glek, Igor"]
[Black "Kozul, Zdenko"]
[Result "1-0"]
[WhiteElo "2551"]
[BlackElo "2601"]
[EventDate "2003.05.30"]
[PlyCount "80"]

1.d4 Nf6 2.c4 g6 3.Nc3 Bg7 4.e4 d6 5.Be2 O-O 6.Nf3 c6 7.O-O e5 8.Re1 Na6 
9.Bf1 Bg4 10.d5 Nb4 11.Be2 a5 12.Bg5 Na6 13.h3 Bd7 14.Qd2 Nc5 15.Bf1 cxd5 
16.Nxd5 Bc6 17.Qc2 Ne6 18.Bh4 h6 19.Rad1 g5 20.Bg3 Nc5 21.Nd2 h5 22.Be2 h4
23.Bh2 Bd7 24.Nxf6+ Qxf6 25.Nf1 Qg6 26.Bg4 Bxg4 27.hxg4 Rfc8 28.Ne3 Bf8 
29.Nf5 Rc6 30.Rd5 Nd7 31.Qe2 Nb6 32.Rb5 Nxc4 33.Rxb7 Rac8 34.Kh1 Qe6 35.
Rd1 f6 36.Bg1 Nb6 37.f3 Na4 38.Qb5 Qxa2 39.Ra7 Nxb2 40.Rxa5 Qf7 1-0

[Event "4th EUR-ch"]
[Site "Istanbul TUR"]
[Date "2003.06.01"]
[Round "3.29"]
[White "Potkin, Vladimir"]
[Black "Chuchelov, Vladimir"]
[Result "0-1"]
[WhiteElo "2522"]
[BlackElo "2592"]
[EventDate "2003.05.30"]
[PlyCount "65"]

1.e4 c5 2.Nf3 e6 3.c3 Nf6 4.e5 Nd5 5.d4 cxd4 6.cxd4 d6 7.Bc4 Nb6 8.Bd3 
dxe5 9.dxe5 N8d7 10.Qe2 Nc5 11.Bc2 Nd5 12.O-O Bd7 13.a3 Be7 14.Nd4 Qb6 15.
Qg4 g6 16.b4 Na4 17.Re1 Rc8 18.Bb3 h5 19.Qd1 Rxc1 20.Qxc1 Qxd4 21.Nd2 Nac3
22.Nf3 Qf4 23.Qb2 O-O 24.Rac1 Na4 25.Qe2 Nab6 26.Qd3 Qg4 27.Qe4 Qxe4 28.
Rxe4 Rd8 29.Re2 Bc6 30.Rd2 Kg7 31.Rcd1 a6 32.Nd4 Ba4 33.Rc2 0-1

[Event "4th EUR-ch"]
[Site "Istanbul TUR"]
[Date "2003.06.01"]
[Round "3.30"]
[White "Korobov, Anton"]
[Black "Kacheishvili, Giorgi"]
[Result "0-1"]
[WhiteElo "2513"]
[BlackElo "2592"]
[EventDate "2003.05.30"]
[PlyCount "110"]

1.d4 Nf6 2.c4 e6 3.Nc3 Bb4 4.e3 O-O 5.Bd3 c5 6.Nf3 d5 7.O-O cxd4 8.exd4 
dxc4 9.Bxc4 b6 10.Bg5 Bb7 11.Qe2 Bxc3 12.bxc3 Nbd7 13.Bd3 Qc7 14.Rfc1 Rfe8
15.Ne5 Nxe5 16.Qxe5 Qxe5 17.dxe5 Ne4 18.Be3 Red8 19.Be2 Rac8 20.Bd4 Rd7 
21.f3 Nc5 22.Rcb1 Ba6 23.Bd1 Kf8 24.a4 Nb7 25.f4 Na5 26.Bf3 Bc4 27.Rd1 Bd5
28.Kf2 Ke7 29.g4 Nb3 30.Ra3 Nxd4 31.Rxd4 Bxf3 32.Kxf3 Rxc3+ 33.Rxc3 Rxd4 
34.Rc7+ Rd7 35.Rc8 Rb7 36.f5 a6 37.Ke4 b5 38.axb5 axb5 39.Kd3 b4 40.Kc2 h5
41.f6+ gxf6 42.gxh5 Ra7 43.Kb1 Rd7 44.h4 Rd4 45.Rc7+ Ke8 46.exf6 Rxh4 47.
Re7+ Kf8 48.Rb7 Kg8 49.Rb8+ Kh7 50.Rf8 Rxh5 51.Rxf7+ Kg6 52.Rb7 Kxf6 53.
Rxb4 Rc5 54.Rb2 e5 55.Rc2 Rxc2 0-1

[Event "4th EUR-ch"]
[Site "Istanbul TUR"]
[Date "2003.06.01"]
[Round "3.33"]
[White "Damljanovic, Branko"]
[Black "Jenni, Florian"]
[Result "1-0"]
[WhiteElo "2587"]
[BlackElo "2516"]
[EventDate "2003.05.30"]
[PlyCount "145"]

1.c4 Nf6 2.Nc3 e6 3.Nf3 Bb4 4.Qc2 O-O 5.a3 Bxc3 6.Qxc3 b6 7.b4 Bb7 8.Bb2 
d6 9.g3 Nbd7 10.Bg2 c5 11.O-O Qc7 12.d3 Rfc8 13.b5 d5 14.Rfe1 a6 15.a4 d4 
16.Qc2 axb5 17.axb5 e5 18.e4 dxe3 19.Rxe3 Rxa1+ 20.Bxa1 Ng4 21.Re1 f6 22.
Bc3 Nh6 23.Ra1 Ra8 24.Rxa8+ Bxa8 25.Qa4 Bb7 26.Qa7 Qb8 27.Qxb8+ Nxb8 28.
Ne1 Bxg2 29.Nxg2 Nf5 30.f4 Nd7 31.Kf2 Kf7 32.g4 Nd6 33.f5 h5 34.Ne3 hxg4 
35.Kg3 e4 36.d4 g6 37.fxg6+ Kxg6 38.Kxg4 cxd4 39.Bxd4 Nf8 40.Bxb6 Ne6 41.
Nd5 Nxc4 42.Bg1 f5+ 43.Kg3 Kg5 44.h4+ Kh5 45.b6 Nd8 46.Be3 Nb7 47.Bf4 Nc5 
48.Bc7 e3 49.Nf4+ Kh6 50.Kf3 Nb7 51.Ke2 Nc5 52.Bd8 Nb7 53.Bg5+ Kh7 54.Nd5 
Kg6 55.Kd3 Nbd6 56.Bxe3 Nxe3 57.Nxe3 Nb7 58.Ng2 Kh5 59.Kd4 Kg4 60.Ke5 Na5 
61.Ne3+ Kxh4 62.Kxf5 Kg3 63.Ke6 Kf4 64.Nc4 Nb7 65.Kd5 Nd8 66.Kd6 Nb7+ 67.
Kc6 Nd8+ 68.Kc7 Ne6+ 69.Kd6 Nd8 70.Na5 Kf5 71.Kd7 Ne6 72.Nb3 Nf8+ 73.Kd6 
1-0

[Event "4th EUR-ch"]
[Site "Istanbul TUR"]
[Date "2003.06.01"]
[Round "3.34"]
[White "Kritz, Leonid"]
[Black "Avrukh, Boris"]
[Result "1/2-1/2"]
[WhiteElo "2468"]
[BlackElo "2586"]
[EventDate "2003.05.30"]
[PlyCount "74"]

1.e4 c5 2.Nf3 Nc6 3.d4 cxd4 4.Nxd4 Nf6 5.Nc3 e5 6.Ndb5 d6 7.Bg5 a6 8.Na3 
b5 9.Nd5 Be7 10.Bxf6 Bxf6 11.c3 O-O 12.Nc2 Bg5 13.a4 bxa4 14.Rxa4 a5 15.
Bc4 Rb8 16.b3 Kh8 17.Nce3 g6 18.Nf1 h5 19.Nfe3 Be6 20.O-O h4 21.Qe2 Bf4 
22.g3 Bh6 23.Ng2 hxg3 24.hxg3 Qg5 25.Qd3 Bh3 26.Nde3 f5 27.exf5 gxf5 28.
Be6 Rf6 29.Qd5 Rbf8 30.Rh4 Bxg2 31.Kxg2 Ne7 32.Qxd6 Ng6 33.Rxh6+ Qxh6 34.
Rh1 Nf4+ 35.Kg1 Ne2+ 36.Kg2 Nf4+ 37.Kg1 Ne2+ 1/2-1/2

[Event "4th EUR-ch"]
[Site "Istanbul TUR"]
[Date "2003.06.01"]
[Round "3.35"]
[White "Rozentalis, Eduardas"]
[Black "Gdanski, Jacek"]
[Result "1/2-1/2"]
[WhiteElo "2586"]
[BlackElo "2506"]
[EventDate "2003.05.30"]
[PlyCount "39"]

1.e4 e6 2.d4 d5 3.Nd2 c5 4.Ngf3 Nc6 5.exd5 exd5 6.Bb5 Bd6 7.dxc5 Bxc5 8.
Nb3 Bd6 9.O-O Ne7 10.c3 O-O 11.Bd3 h6 12.h3 Nf5 13.Bc2 Bc7 14.Qd3 g6 15.
Qd2 h5 16.Bxf5 Bxf5 17.Qh6 Qd6 18.g3 Qf6 19.Bf4 Bb6 20.Rad1 1/2-1/2

[Event "4th EUR-ch"]
[Site "Istanbul TUR"]
[Date "2003.06.01"]
[Round "3.37"]
[White "Stevic, Hrvoje"]
[Black "Van Wely, Loek"]
[Result "0-1"]
[WhiteElo "2550"]
[BlackElo "2675"]
[EventDate "2003.05.30"]
[PlyCount "76"]

1.e4 c5 2.c3 Nf6 3.e5 Nd5 4.d4 cxd4 5.Nf3 e6 6.cxd4 b6 7.Nc3 Nxc3 8.bxc3 
Qc7 9.Bd2 d6 10.Bb5+ Bd7 11.a4 a6 12.Bd3 Bc6 13.O-O Nd7 14.Bf4 dxe5 15.
Nxe5 Nxe5 16.Bxe5 Bd6 17.Bxd6 Qxd6 18.Re1 Ke7 19.Rb1 Rhb8 20.Qg4 h6 21.Re3
b5 22.Rbe1 Bd5 23.axb5 axb5 24.Rg3 Ra2 25.Rf1 Rd2 26.Qxg7 Qf4 27.Qh7 Qf6 
28.Rg6 Qf4 29.Rg7 Bc6 30.Bb1 Ra8 31.Bg6 Rf8 32.Bh5 Be4 33.g3 Bxh7 34.gxf4 
Be4 35.Re1 Bd5 36.Be2 Rb8 37.Bh5 Rf8 38.Be2 Rb8 0-1

[Event "4th EUR-ch"]
[Site "Istanbul TUR"]
[Date "2003.06.01"]
[Round "3.39"]
[White "Belov, Vladimir"]
[Black "Zviagintsev, Vadim"]
[Result "1/2-1/2"]
[WhiteElo "2549"]
[BlackElo "2664"]
[EventDate "2003.05.30"]
[PlyCount "52"]

1.d4 d5 2.c4 e6 3.Nc3 Be7 4.cxd5 exd5 5.Bf4 c6 6.Qc2 g6 7.f3 Bg5 8.Bxg5 
Qxg5 9.Qd2 Qxd2+ 10.Kxd2 Ne7 11.e3 Nd7 12.Bd3 Nb6 13.Nge2 Bf5 14.e4 dxe4 
15.fxe4 Be6 16.Nf4 Bc4 17.Bxc4 Nxc4+ 18.Kc2 O-O-O 19.b3 Nb6 20.Rad1 f5 21.
Ne6 Rde8 22.Kd2 fxe4 23.Nxe4 Nf5 24.N4c5 Re7 25.Rhe1 h6 26.Kd3 Rd8 1/2-1/2

[Event "4th EUR-ch"]
[Site "Istanbul TUR"]
[Date "2003.06.01"]
[Round "3.41"]
[White "Svetuschin, Dumitru"]
[Black "Bacrot, Etienne"]
[Result "1/2-1/2"]
[WhiteElo "2543"]
[BlackElo "2654"]
[EventDate "2003.05.30"]
[PlyCount "81"]

1.d4 d5 2.c4 c6 3.Nf3 Nf6 4.e3 a6 5.Nc3 b5 6.b3 Bg4 7.h3 Bxf3 8.gxf3 Nbd7 
9.f4 e6 10.c5 Ne4 11.Bb2 Nxc3 12.Bxc3 a5 13.Bd3 f5 14.Qe2 Be7 15.O-O-O Nf6
16.Rhg1 g6 17.a3 a4 18.b4 Qd7 19.Rh1 Kf7 20.Rdg1 Ne4 21.Be1 Bh4 22.Bb1 Nf6
23.f3 Bxe1 24.Qxe1 Qe7 25.Rg5 Nh5 26.Rhg1 Qf6 27.Qf2 Rhg8 28.h4 h6 29.R5g2
Rg7 30.Rh2 Kg8 31.Bd3 Rb8 32.Kc2 Kh7 33.Kc3 Rf8 34.Bf1 Qe7 35.Qg2 Qf7 36.
Qh3 Qe7 37.Bd3 Qf7 38.Rf2 Qe7 39.Qh2 Qc7 40.Re1 Kh8 41.Rg1 1/2-1/2

[Event "4th EUR-ch"]
[Site "Istanbul TUR"]
[Date "2003.06.01"]
[Round "3.42"]
[White "Vaganian, Rafael"]
[Black "Banikas, Hristos"]
[Result "1-0"]
[WhiteElo "2653"]
[BlackElo "2542"]
[EventDate "2003.05.30"]
[PlyCount "63"]

1.d4 Nf6 2.Nf3 c5 3.d5 b5 4.c4 Bb7 5.Qc2 e6 6.e4 exd5 7.exd5 d6 8.b3 g6 9.
Bb2 Bg7 10.Bd3 O-O 11.O-O a5 12.Nc3 b4 13.Nb5 Ba6 14.a4 Bxb5 15.axb5 Nbd7 
16.Rfe1 Nh5 17.g3 Bxb2 18.Qxb2 Nb6 19.Qc2 Re8 20.Rxe8+ Qxe8 21.Qd2 Qd8 22.
Kg2 Qf6 23.Ra2 Kg7 24.h4 h6 25.Be2 a4 26.bxa4 Rxa4 27.Rxa4 Nxa4 28.Bd1 Nb6
29.Qa2 Qc3 30.Qa6 Nxc4 31.b6 Qd3 32.Qa1+ 1-0

[Event "4th EUR-ch"]
[Site "Istanbul TUR"]
[Date "2003.06.01"]
[Round "3.46"]
[White "Macieja, Bartlomiej"]
[Black "Brynell, Stellan"]
[Result "1/2-1/2"]
[WhiteElo "2634"]
[BlackElo "2534"]
[EventDate "2003.05.30"]
[PlyCount "117"]

1.e4 e6 2.d4 d5 3.Nc3 Nf6 4.e5 Nfd7 5.f4 c5 6.Nf3 Nc6 7.Be3 cxd4 8.Nxd4 
Bc5 9.Qd2 O-O 10.g3 a6 11.Bg2 Nxd4 12.Bxd4 b5 13.Ne2 Qc7 14.a3 Bb7 15.O-O 
Bxd4+ 16.Nxd4 Nc5 17.Qe3 Ne4 18.c3 Rab8 19.Nb3 Rfd8 20.Rfd1 Ba8 21.Bxe4 
dxe4 22.Qc5 Qb7 23.Na5 Qc8 24.Qxc8 Rbxc8 25.Nb3 f6 26.exf6 gxf6 27.Kf2 e5 
28.Ke3 Bd5 29.Nd2 exf4+ 30.Kxf4 f5 31.Nf1 Bb3 32.Rxd8+ Rxd8 33.Kxf5 Rf8+ 
34.Kxe4 Rf2 35.h4 Rxb2 36.Ne3 Bf7 37.a4 Bg6+ 38.Kf4 b4 39.cxb4 Rxb4+ 40.
Kg5 Kg7 41.Nf5+ Bxf5 42.Kxf5 Rc4 43.a5 Rc5+ 44.Ke6 Kg6 45.Ra4 Rb5 46.Kd6 
h6 47.Ke6 Rc5 48.g4 Rb5 49.Kd6 Kg7 50.Ke7 Re5+ 51.Kd6 Rb5 52.h5 Rg5 53.Kd7
Rc5 54.Kd6 Rg5 55.Kc7 Rb5 56.Kc6 Kg8 57.Kd7 Kg7 58.Ke6 Rc5 59.Kd6 1/2-1/2

[Event "4th EUR-ch"]
[Site "Istanbul TUR"]
[Date "2003.06.01"]
[Round "3.48"]
[White "Filippov, Valery"]
[Black "Nedev, Trajce"]
[Result "1-0"]
[WhiteElo "2627"]
[BlackElo "2518"]
[EventDate "2003.05.30"]
[PlyCount "107"]

1.Nf3 Nf6 2.c4 g6 3.d4 Bg7 4.g3 d5 5.cxd5 Nxd5 6.Bg2 Nb6 7.Nc3 Nc6 8.e3 
O-O 9.O-O Re8 10.d5 Na5 11.Nd4 Bd7 12.e4 Rc8 13.Re1 c6 14.Bf4 cxd5 15.exd5
Nac4 16.b3 Nd6 17.Qd2 Nf5 18.Nde2 e5 19.dxe6 Bxe6 20.Qxd8 Rexd8 21.Rac1 
Rd7 22.Ne4 Rxc1 23.Rxc1 Nd4 24.Nxd4 Bxd4 25.Bb8 a5 26.Ba7 Kg7 27.h4 a4 28.
Ng5 Bf5 29.Be4 Bxe4 30.Nxe4 axb3 31.axb3 Nc8 32.Bxd4+ Rxd4 33.Ng5 Nd6 34.
Rc7 Rb4 35.Rd7 Rb6 36.b4 h6 37.Ne6+ Kf6 38.Nc7 Ke5 39.b5 g5 40.hxg5 hxg5 
41.Kf1 g4 42.Ke2 Nf5 43.f4+ gxf3+ 44.Kxf3 Nd4+ 45.Ke3 Nf5+ 46.Kf2 Nd6 47.
Kf3 Nf5 48.Rd5+ Kf6 49.Kf4 Ne7 50.Rd7 Ng6+ 51.Ke4 Kg5 52.Rxf7 Rd6 53.Nd5 
b6 54.Nf4 1-0

[Event "4th EUR-ch"]
[Site "Istanbul TUR"]
[Date "2003.06.01"]
[Round "3.49"]
[White "Tiviakov, Sergei"]
[Black "Arizmendi Martinez, Julen Luis"]
[Result "1/2-1/2"]
[WhiteElo "2623"]
[BlackElo "2516"]
[EventDate "2003.05.30"]
[PlyCount "99"]

1.e4 c5 2.Nf3 Nc6 3.c3 e6 4.d4 cxd4 5.cxd4 d5 6.e5 Nge7 7.Bd3 Nf5 8.Bxf5 
exf5 9.Nc3 Be6 10.Ne2 Be7 11.h4 h6 12.h5 Qb6 13.Nf4 O-O 14.O-O Rfc8 15.Re1
Rc7 16.Re2 Rac8 17.Be3 Nb4 18.Ne1 Bg5 19.Rd2 Bxf4 20.Bxf4 Rc4 21.b3 Rc3 
22.Rb2 Qb5 23.Bd2 R3c7 24.a3 Nc6 25.Be3 Na5 26.Rab1 b6 27.Nd3 Rc3 28.Nb4 
R3c7 29.Nd3 Rc3 30.Nf4 Qc6 31.Qe1 Qb5 32.a4 Qa6 33.Bd2 Rc2 34.Bxa5 Rxb2 
35.Rxb2 bxa5 36.Qd2 Qb6 37.Kh2 Kh7 38.f3 Rc7 39.Kg3 Rc8 40.Kf2 Rc6 41.Ne2 
Qc7 42.Qd3 Kg8 43.Nf4 Rc1 44.Ne2 Rh1 45.Ng3 Qc1 46.Nxh1 Qxb2+ 47.Kg1 Qc1+ 
48.Kh2 Qf4+ 49.Kg1 Qc1+ 50.Kh2 1/2-1/2

[Event "4th EUR-ch"]
[Site "Istanbul TUR"]
[Date "2003.06.01"]
[Round "3.50"]
[White "Roiz, Michael"]
[Black "Fridmans, Daniels"]
[Result "1/2-1/2"]
[WhiteElo "2529"]
[BlackElo "2621"]
[EventDate "2003.05.30"]
[PlyCount "133"]

1.d4 d5 2.c4 c6 3.Nf3 Nf6 4.Nc3 e6 5.Bg5 Nbd7 6.cxd5 exd5 7.e3 Be7 8.Bd3 
O-O 9.Qc2 Re8 10.h3 Nf8 11.Bf4 Be6 12.O-O Rc8 13.a3 Bd6 14.Bxd6 Qxd6 15.
Rac1 N6d7 16.Rfe1 c5 17.dxc5 Nxc5 18.Red1 Qb6 19.Nd4 Nxd3 20.Rxd3 Nd7 21.
Rdd1 Ne5 22.b3 Nc6 23.Qb2 Qd8 24.Nce2 Qb6 25.Rc3 Nxd4 26.Rxd4 Rc6 27.Rd1 
Rec8 28.Rdc1 Rxc3 29.Rxc3 Rxc3 30.Qxc3 Qa6 31.Qb2 Qc6 32.Qe5 a5 33.Nd4 Qc8
34.a4 h6 35.Kh2 b6 36.f4 g6 37.g4 Qc1 38.f5 gxf5 39.gxf5 Qd2+ 40.Kg1 Qe1+ 
41.Kg2 Qd2+ 42.Kf3 Qd1+ 43.Kf2 Qd2+ 44.Kf3 Qd1+ 45.Kf4 Qd2 46.Nf3 Qb4+ 47.
Kg3 Bc8 48.Qxd5 Qe7 49.Kf4 Bb7 50.Qe5 Qb4+ 51.Nd4 Kh7 52.f6 Qd2 53.Qf5+ 
Kh8 54.Qg4 Qh2+ 55.Qg3 Qxg3+ 56.Kxg3 Kh7 57.Kf4 Kg6 58.Ke5 Kg5 59.Ne6+ Kg6
60.Nf4+ Kg5 61.Kd6 Kxf6 62.Kc7 Be4 63.Kxb6 Bc2 64.Kxa5 Bxb3 65.Kb5 Bxa4+ 
66.Kxa4 Ke5 67.Kb4 1/2-1/2

[Event "4th EUR-ch"]
[Site "Istanbul TUR"]
[Date "2003.06.01"]
[Round "3.51"]
[White "Dolmatov, Sergei"]
[Black "Solak, Dragan"]
[Result "1-0"]
[WhiteElo "2606"]
[BlackElo "2514"]
[EventDate "2003.05.30"]
[PlyCount "99"]

1.e4 c5 2.Nf3 g6 3.d4 Bg7 4.dxc5 Qa5+ 5.c3 Qxc5 6.Na3 d6 7.Nb5 a6 8.Be3 
Qc6 9.Na7 Qc7 10.Nxc8 Qxc8 11.Qb3 Nf6 12.e5 dxe5 13.Nxe5 O-O 14.Be2 e6 15.
Bf3 Nc6 16.Nc4 Qc7 17.Qb6 Qxb6 18.Nxb6 Rad8 19.O-O Nd7 20.Rfd1 Nde5 21.Be2
Rxd1+ 22.Rxd1 Rd8 23.Rxd8+ Nxd8 24.f4 Nec6 25.Bf3 Kf8 26.g4 Ke7 27.Bc5+ 
Ke8 28.Kf2 Bf8 29.Be3 Nb8 30.b4 Nd7 31.Nc4 Bg7 32.Nd6+ Ke7 33.Nc8+ Kf8 34.
Bd2 b5 35.Ke2 f5 36.Kd3 e5 37.gxf5 gxf5 38.Kc2 e4 39.Be2 Ne6 40.a4 bxa4 
41.Nd6 Bh6 42.Nxf5 Bxf4 43.Bc4 Bxd2 44.Bxe6 Bxc3 45.Kxc3 Ne5 46.Bd5 a3 47.
Kb3 Nf3 48.h3 Ng5 49.h4 Nf3 50.Kxa3 1-0

[Event "4th EUR-ch"]
[Site "Istanbul TUR"]
[Date "2003.06.01"]
[Round "3.52"]
[White "Godena, Michele"]
[Black "Korneev, Oleg"]
[Result "1/2-1/2"]
[WhiteElo "2527"]
[BlackElo "2606"]
[EventDate "2003.05.30"]
[PlyCount "34"]

1.e4 e5 2.Nf3 Nc6 3.d4 exd4 4.Nxd4 Bc5 5.Be3 Qf6 6.c3 Nge7 7.g3 Nxd4 8.
cxd4 Bb4+ 9.Nc3 Bxc3+ 10.bxc3 d5 11.Bg2 dxe4 12.Bxe4 O-O 13.O-O c6 14.c4 
Bf5 15.Bg2 Rad8 16.Qb3 Be6 17.Qxb7 Bxc4 1/2-1/2

[Event "4th EUR-ch"]
[Site "Istanbul TUR"]
[Date "2003.06.01"]
[Round "3.54"]
[White "Efimenko, Zahar"]
[Black "Kurnosov, Igor"]
[Result "0-1"]
[WhiteElo "2599"]
[BlackElo "2500"]
[EventDate "2003.05.30"]
[PlyCount "60"]

1.e4 c5 2.Nf3 d6 3.d4 cxd4 4.Nxd4 Nf6 5.Nc3 a6 6.Be2 e6 7.Be3 Be7 8.Qd2 
O-O 9.g4 d5 10.exd5 Nxd5 11.Nxd5 Qxd5 12.Nf3 Nc6 13.Qxd5 exd5 14.h3 f5 15.
Rg1 fxg4 16.hxg4 Be6 17.c3 Bf6 18.g5 Be7 19.O-O-O Rac8 20.Rg2 d4 21.Nxd4 
Nxd4 22.Rxd4 Bxa2 23.Rh2 Rcd8 24.Rdh4 h6 25.gxh6 Bxh4 26.hxg7 Rxf2 27.Bxf2
Bg5+ 28.Kc2 Rd2+ 29.Kc1 Rxe2+ 30.Kd1 Rxb2 0-1

[Event "4th EUR-ch"]
[Site "Istanbul TUR"]
[Date "2003.06.01"]
[Round "3.55"]
[White "Asrian, Karen"]
[Black "Nikolaidis, Ioannis"]
[Result "1-0"]
[WhiteElo "2596"]
[BlackElo "2498"]
[EventDate "2003.05.30"]
[PlyCount "103"]

1.e4 c6 2.d4 d5 3.e5 Bf5 4.Nc3 Qb6 5.Nf3 Be4 6.Be2 e6 7.O-O Nd7 8.b3 Qc7 
9.h3 Bxf3 10.Bxf3 Ne7 11.Ne2 c5 12.c4 dxc4 13.bxc4 Nc6 14.d5 exd5 15.Nc3 
O-O-O 16.Nxd5 Ndxe5 17.Nxc7 Rxd1 18.Bxd1 Kxc7 19.Bb3 Na5 20.Bf4 Bd6 21.
Rfe1 Nec6 22.Bd2 b6 23.Bc3 f6 24.Re4 Be5 25.Bxe5+ Nxe5 26.Rd1 Nxb3 27.axb3
Rd8 28.Rxd8 Kxd8 29.Kf1 Kd7 30.Ke2 h6 31.Kd2 a6 32.Re1 Nc6 33.Ra1 a5 34.
Kc3 Ke6 35.Re1+ Kf7 36.f4 Nd4 37.g4 Ne6 38.Rf1 Ke7 39.h4 Kf7 40.f5 Nd4 41.
Rd1 Ke7 42.Re1+ Kf7 43.h5 Kf8 44.Re4 Kf7 45.Re3 Kf8 46.Kd3 Kf7 47.Ke4 Ke7 
48.Kd5+ Kd7 49.Re1 Nc6 50.Re6 Nb4+ 51.Ke4 Nc6 52.Ke3 1-0

[Event "4th EUR-ch"]
[Site "Istanbul TUR"]
[Date "2003.06.01"]
[Round "3.56"]
[White "Georgiev, Krum"]
[Black "Andersson, Ulf"]
[Result "1/2-1/2"]
[WhiteElo "2516"]
[BlackElo "2594"]
[EventDate "2003.05.30"]
[PlyCount "27"]

1.e4 c5 2.Nf3 e6 3.b3 d6 4.d4 Nf6 5.Bd3 cxd4 6.Nxd4 g6 7.Bb2 Bg7 8.O-O O-O
9.c4 Nc6 10.Nxc6 bxc6 11.Nc3 d5 12.cxd5 cxd5 13.Ba3 Re8 14.Rc1 1/2-1/2

[Event "4th EUR-ch"]
[Site "Istanbul TUR"]
[Date "2003.06.01"]
[Round "3.57"]
[White "Istratescu, Andrei"]
[Black "Shneider, Alexander"]
[Result "1/2-1/2"]
[WhiteElo "2593"]
[BlackElo "2497"]
[EventDate "2003.05.30"]
[PlyCount "115"]

1.d4 Nf6 2.c4 e6 3.Nf3 d5 4.Nc3 Be7 5.Bg5 O-O 6.e3 h6 7.Bh4 Ne4 8.Bxe7 
Qxe7 9.Qc2 Nxc3 10.Qxc3 dxc4 11.Bxc4 c5 12.O-O cxd4 13.Nxd4 Bd7 14.Qb3 Be8
15.Bb5 Nc6 16.Bxc6 Bxc6 17.Nxc6 bxc6 18.Qc2 Rab8 19.b3 c5 20.Rac1 Rfc8 21.
Rfd1 a5 22.Rd3 a4 23.bxa4 Qa7 24.Rc3 Rb4 25.Rc4 Rxc4 26.Qxc4 Rb8 27.a3 Rb2
28.h3 Qa5 29.Qc3 Qxc3 30.Rxc3 c4 31.Rxc4 Rb3 32.a5 Rxa3 33.Rc8+ Kh7 34.Ra8
Kg6 35.g3 h5 36.Kg2 Kf6 37.a6 g5 38.g4 hxg4 39.hxg4 Ra4 40.f3 Ra2+ 41.Kf1 
Kg7 42.Ke1 Kf6 43.Kd1 Ke5 44.Kc1 Re2 45.Rf8 Ra2 46.Rxf7 Rxa6 47.Kd2 Ra2+ 
48.Ke1 Rb2 49.Kf1 Ra2 50.Rf8 Ra1+ 51.Kf2 Ra2+ 52.Kg3 Ra3 53.e4 Re3 54.Rg8 
Kf6 55.Kf2 Ra3 56.e5+ Kxe5 57.Rxg5+ Kf4 58.Rg6 1/2-1/2

[Event "4th EUR-ch"]
[Site "Istanbul TUR"]
[Date "2003.06.01"]
[Round "3.58"]
[White "Vesterbaek Pedersen, Nicolai"]
[Black "Vajda, Levente"]
[Result "1-0"]
[WhiteElo "2508"]
[BlackElo "2592"]
[EventDate "2003.05.30"]
[PlyCount "89"]

1.e4 g6 2.d4 Bg7 3.Nc3 d6 4.f4 c6 5.Nf3 b5 6.Bd3 Nd7 7.O-O Qb6 8.Be3 e5 9.
fxe5 dxe5 10.Ne2 Ngf6 11.h3 O-O 12.Qd2 Qc7 13.dxe5 Ne8 14.a4 Nxe5 15.Nxe5 
Bxe5 16.axb5 cxb5 17.Nc3 Bxc3 18.Qxc3 Qxc3 19.bxc3 Nd6 20.Bxa7 Re8 21.Bd4 
Bb7 22.Rxa8 Rxa8 23.e5 Nc4 24.Rb1 Bc6 25.Rb4 Na3 26.Bc5 Rc8 27.Be7 Be8 28.
Rd4 Nc4 29.Bf6 Kf8 30.Rh4 Kg8 31.Rd4 Kf8 32.Kf2 Rc5 33.Rh4 h5 34.Re4 Bc6 
35.Re1 Bd5 36.Ra1 Rc7 37.Rb1 Rc5 38.Ra1 Rc7 39.Ra6 Ke8 40.g4 hxg4 41.hxg4 
Kd7 42.Kg3 Kc8 43.Kf4 Kb7 44.Ra1 Kb6 45.Bd8 1-0

[Event "4th EUR-ch"]
[Site "Istanbul TUR"]
[Date "2003.06.01"]
[Round "3.59"]
[White "Erenburg, Sergey"]
[Black "Galkin, Alexander"]
[Result "1/2-1/2"]
[WhiteElo "2499"]
[BlackElo "2591"]
[EventDate "2003.05.30"]
[PlyCount "32"]

1.e4 c6 2.d4 d5 3.e5 Bf5 4.Nf3 e6 5.Be2 Nd7 6.O-O Bg6 7.Nbd2 Nh6 8.c4 Be7 
9.b3 O-O 10.Bb2 Nf5 11.h3 f6 12.g4 Nh6 13.Nh4 Be8 14.Kg2 fxe5 15.dxe5 Qb6 
16.Nhf3 Bf7 1/2-1/2

[Event "4th EUR-ch"]
[Site "Istanbul TUR"]
[Date "2003.06.01"]
[Round "3.61"]
[White "Comas i Fabrego, Lluis"]
[Black "Markowski, Tomasz"]
[Result "1-0"]
[WhiteElo "2490"]
[BlackElo "2587"]
[EventDate "2003.05.30"]
[PlyCount "101"]

1.d4 d5 2.c4 dxc4 3.e4 Nf6 4.e5 Nd5 5.Bxc4 Nb6 6.Bd3 Nc6 7.Ne2 Bg4 8.f3 
Be6 9.Nbc3 Bc4 10.Bxc4 Nxc4 11.e6 fxe6 12.O-O g6 13.Qb3 Nb6 14.Qxe6 Qd7 
15.Qxd7+ Kxd7 16.d5 Nb4 17.Rd1 Bg7 18.a3 Na6 19.Be3 Rad8 20.Bd4 Bxd4+ 21.
Rxd4 Nc5 22.Rad1 Kc8 23.b4 Ncd7 24.a4 Kb8 25.Nf4 Nf6 26.Ne6 Rc8 27.a5 Nbd7
28.b5 Ne8 29.a6 bxa6 30.Ra4 Nd6 31.Rxa6 Kb7 32.Rda1 Ra8 33.Rc6 Rac8 34.Na4
Kb8 35.Ra6 Rce8 36.Nc3 Nc8 37.Rc6 Nf6 38.Rxc7 Rd8 39.Nxd8 Kxc7 40.Nc6 Kd6 
41.Nxa7 Kc5 42.Nc6 Kc4 43.Rc1 Kd3 44.Ne4 Ke3 45.Rc3+ Kf4 46.Rd3 Re8 47.Kf2
Nd6 48.g3+ Kf5 49.g4+ Kf4 50.Nxd6 exd6 51.h4 1-0

[Event "4th EUR-ch"]
[Site "Istanbul TUR"]
[Date "2003.06.01"]
[Round "3.63"]
[White "Genov, Petar"]
[Black "Sulskis, Sarunas"]
[Result "1/2-1/2"]
[WhiteElo "2490"]
[BlackElo "2578"]
[EventDate "2003.05.30"]
[PlyCount "79"]

1.d4 d5 2.c4 dxc4 3.e4 c5 4.d5 Nf6 5.Nc3 b5 6.e5 b4 7.exf6 bxc3 8.bxc3 
exf6 9.Bxc4 Bd6 10.Qe2+ Kf8 11.Nf3 h5 12.Bd3 Bg4 13.h3 Qa5 14.Bd2 Bxf3 15.
Qxf3 Nd7 16.O-O g6 17.Qd1 Kg7 18.c4 Qa3 19.Qb3 Qa6 20.f4 Rab8 21.Qc2 Qb6 
22.Rab1 Qc7 23.Rb5 a6 24.Ba5 Qc8 25.Rb3 Re8 26.Rxb8 Nxb8 27.Qf2 Re7 28.Bc3
Nd7 29.h4 Qe8 30.g3 Kg8 31.Re1 f5 32.Rxe7 Qxe7 33.Qe1 Qf8 34.Qa1 Qd8 35.
Qe1 Nf6 36.Ba5 Qb8 37.Qb1 Qe8 38.Qe1 Qb8 39.Qb1 Qe8 40.Qe1 1/2-1/2